Esta vez contrate al mejor
Guardado en:
| Hovedforfatter: | |
|---|---|
| Format: | Bog |
| Sprog: | Spanish |
| Udgivet: |
Buenos Aires, Argentina : J. Vergara
c1991
|
| Fag: | |
| Tags: |
Tilføj Tag
Ingen Tags, Vær først til at tagge denne postø!
|
MARC
| LEADER | 00000nam a2200000Ia 4500 | ||
|---|---|---|---|
| 003 | 003849 | ||
| 005 | 20240112130825.0 | ||
| 008 | 140114s1991 ag a 000 ||spa d | ||
| 040 | |c cru CEDI | ||
| 082 | |a 658.311.24 Y31e | ||
| 100 | |a Yate, Martin John |9 2160 | ||
| 245 | |a Esta vez contrate al mejor | ||
| 260 | |a Buenos Aires, Argentina : J. Vergara |c c1991 | ||
| 300 | |a 218 páginas. | ||
| 650 | |x ENTREVISTAS PARA EMPLEO |x EMPLEADOS -- SELECCION Y NOMBRAMIENTO | ||
| 942 | |2 ddc |c LIBRO |h 658.311.24 Y31e |i 003849 |6 658_311000000000000_24_Y31E_003849 | ||
| 999 | |c 13045 |d 13045 | ||
